Politik dalam perniagaan : Pelaburan korporat UMNO

Bibliographic Details
Main Author: Gomez, Edmund Terence
Other Authors: Mohdn Nazari Ismail
Format: Book
Published: Kuala Lumpur : Forum , 1990
Subjects:

MARC

LEADER 00000cam a2200000 7i4500
001 0000003755
002 000004045
005 20000330.0
020 |a 9838760005 
090 0 0 |a 332.63224   |b GOM 
100 1 |a Gomez, Edmund Terence 
245 1 0 |a Politik dalam perniagaan :   |b Pelaburan korporat UMNO   |c Edmund Terence Gomez 
260 |a Kuala Lumpur :   |b Forum ,   |c 1990 
300 |a 211p. :   |b ill ;   |c 22cm. 
650 0 0 |a Business and politics 
650 0 0 |a Malaysia   |x Politics and government 
700 0 |a Mohdn Nazari Ismail 
999 |a 018428   |b BUKU   |c MALAYSIANA   |e PERPUSTAKAAN KOMUNITI PETALING JAYA 
999 |a 037190   |b BUKU   |c MALAYSIANA   |e PERPUSTAKAAN KOMUNITI PETALING JAYA